Modern Spectroscopy /
Gespeichert in:
| 1. Verfasser: | |
|---|---|
| Format: | Buch |
| Sprache: | Englisch |
| Veröffentlicht: |
Chichester :
John Wiley & Sons,
1996
|
| Ausgabe: | 3rd Edition |
| Tags: |
Keine Tags, Fügen Sie das erste Tag hinzu!
|
MARC
| LEADER | 00000nam a22000003a 4500 | ||
|---|---|---|---|
| 001 | stu20190 | ||
| 005 | 20190206124518.6 | ||
| 008 | 971015s1996----uk------------------eng-d | ||
| 020 | |a 0-471-96522-7 | ||
| 040 | |a STU |b slo | ||
| 041 | 0 | |a eng | |
| 044 | |a uk | ||
| 080 | |a 543.42 |7 A000003321 | ||
| 100 | 1 | |a Hollas, Michael J |4 aut | |
| 245 | 1 | |a Modern Spectroscopy / |c [aut.]Hollas,Michael J | |
| 250 | |a 3rd Edition | ||
| 260 | |a Chichester : |b John Wiley & Sons, |c 1996 | ||
| 300 | |a 391 s : |b Tab.,grafy,lit.,index | ||
| 996 | |b C95023 |c C*95023 |l CCIII |s P |a 0 |w stu20190_0001 | ||